|
|
|
|
| LEADER |
00000nam0a2200000 4500 |
| 001 |
187878 |
| 005 |
20251219115457.0 |
| 035 |
|
|
|a (RuTPU)RU\TPU\book\203869
|
| 090 |
|
|
|a 187878
|
| 100 |
|
|
|a 20101123d1981 m y0rusy50 ca
|
| 101 |
0 |
|
|a rus
|
| 102 |
|
|
|a RU
|
| 105 |
|
|
|a a z 001zy
|
| 200 |
1 |
|
|a Релейная защита мощных турбогенераторов
|f И. Р. Таубес
|
| 210 |
|
|
|a Москва
|c Энергоиздат
|d 1981
|
| 215 |
|
|
|a 88 с.
|c ил.
|
| 225 |
1 |
|
|a Библиотека электромонтера
|
| 320 |
|
|
|a Библиогр.: с. 87.
|
| 610 |
1 |
|
|a турбогенераторы
|
| 610 |
1 |
|
|a релейная защита
|
| 610 |
1 |
|
|a расчеты токов
|
| 610 |
1 |
|
|a дифференциальная защита
|
| 610 |
1 |
|
|a испытания
|
| 675 |
|
|
|a 621.313.12Т
|v 3
|
| 700 |
|
1 |
|a Таубес
|b И. Р.
|g Исак Рувимович
|
| 801 |
|
1 |
|a RU
|b 63413507
|c 20101123
|
| 801 |
|
2 |
|a RU
|b 63413507
|c 20160331
|g RCR
|
| 942 |
|
|
|c BK
|